Giáo trình pháp luật đại cương /
Gardado en:
| Autor Corporativo: | |
|---|---|
| Outros autores: | |
| Formato: | Sách giấy |
| Idioma: | Vietnamese |
| Publicado: |
H. :
Tài chính,
2005.
|
| Edición: | Tái bản có sửa chữa và bổ sung. |
| Những chủ đề: | |
| Các nhãn: |
Engadir etiqueta
Sen Etiquetas, Sexa o primeiro en etiquetar este rexistro!
|
| Thư viện lưu trữ: | Thư viện Trường Đại học Đà Lạt |
|---|
| LEADER | 00898nam a2200337 4500 | ||
|---|---|---|---|
| 001 | DLU090074764 | ||
| 005 | ##20090608 | ||
| 040 | # | # | |a DLU |b vie |
| 041 | # | # | |a vie |
| 044 | # | # | |a vn |
| 082 | # | # | |a 340 |b HOC |
| 110 | # | # | |a Học viện Tài chính. |
| 245 | # | # | |a Giáo trình pháp luật đại cương / |c Học viện Tài chính; Trương Hồng Hải chủ biên. |
| 250 | # | # | |a Tái bản có sửa chữa và bổ sung. |
| 260 | # | # | |a H. : |b Tài chính, |c 2005. |
| 300 | # | # | |a 351 tr. ; |c 21 cm. |
| 653 | # | # | |a Giáo trình |
| 653 | # | # | |a Nhà nước pháp quyền |
| 653 | # | # | |a Pháp luật |
| 700 | # | # | |a Trương Hồng Hải, |c TS, |e chủ biên. |
| 923 | # | # | |a 06/2009 |
| 991 | # | # | |a GT |
| 992 | # | # | |a 20000 |
| 994 | # | # | |a DLU |
| 900 | # | # | |a True |
| 911 | # | # | |a Đào Thị Thu Huyền |
| 925 | # | # | |a G |
| 926 | # | # | |a A |
| 927 | # | # | |a SH |
| 980 | # | # | |a Thư viện Trường Đại học Đà Lạt |